Famous men - Statistics

General Stats
  • This quiz has been taken 52 times
  • The average score is 7 of 15
Answer Stats
Picture Answer % Correct
Winston Churchill
92%
Dwight Eisenhower
87%
Saddam Hussein
82%
Husu Hussein
74%
Francisco Franco
69%
Erwin Rommel
64%
Douglas MacArthur
62%
Bashar al-Assad
56%
Gavrilo Princip
31%
Mustafa Kemal "Ataturk"
28%
Anders Behring Breivik
26%
Zemgus Girgensons
23%
Andreas Wank
21%
Draza Mihajlovic
13%
Mathias Seger
10%
No matching quizzes found
Score Distribution
Percent of People with Each Score
Percentile by Number Answered
Your Score History
You have not taken this quiz